|
|
|
|
| LEADER |
01521Cam#a22003135a#4500 |
| 001 |
025077 |
| 005 |
20160721161314.0 |
| 008 |
130830s2005||||ag # ##| #100|0#spa#d |
| 040 |
|
|
|a AR-BeUNQ
|b spa
|
| 044 |
|
|
|a ag
|
| 082 |
0 |
4 |
|a 306.874
|2 21
|
| 245 |
0 |
3 |
|a La imagen del padre
|c [coordinador, Roberto J. Walton ; Raúl Ballbé... [et al.]].
|
| 260 |
|
|
|a Buenos Aires :
|b Academia Nacional de Ciencias de Buenos Aires,
|c 2005.
|
| 300 |
|
|
|a 58 p. ;
|c 23 cm.
|
| 500 |
|
|
|a Seminario realizado el 25 de noviembre de 2005 en la Academia Nacional de Ciencias de Buenos Aires, organizado por la sección Psicología y Psiquiatría del Centro de Estudios Filosóficos Eugenio Pucciarelli.
|
| 505 |
0 |
|
|a La imagen del padre en el pensamiento griego de los sofistas a Aristóteles / Raúl Ballbé -- La imagen del padre en los clásicos latinos / Hugo F. Bauzá -- Edipo, padre y rey / Blanca Parfait -- El padre desde el punto de vista de las etapas psicoanalíticas / Alfredo Painceira.
|
| 600 |
0 |
7 |
|a Aristóteles.
|
| 650 |
|
7 |
|a Filosofía
|2 spines
|
| 650 |
|
7 |
|a Psicoanálisis
|2 spines
|
| 650 |
|
7 |
|a Padres
|2 spines
|
| 650 |
|
7 |
|a Filosofías de la antigüedad
|2 spines
|
| 700 |
1 |
|
|a Walton, Roberto J.,
|e coord.
|4 drt
|
| 700 |
1 |
|
|a Ballbé, Raúl,
|e aut.
|4 aut
|
| 700 |
1 |
|
|a Bauzá, Hugo F.,
|e aut.
|4 aut
|
| 700 |
1 |
|
|a Parfait, Blanca,
|e aut.
|4 aut
|
| 700 |
1 |
|
|a Painceira, Alfredo,
|e aut.
|4 aut
|
| 929 |
|
|
|a DONACION
|b Centro de Derechos Humanos Emilio Mignone
|d 0
|e 20060712
|f PAT0021843
|g 455
|j 49799
|
| 942 |
|
|
|c LIB
|n 0
|
| 999 |
|
|
|c 23311
|d 98698
|